| 000 | 00818nam a22002177a 4500 | ||
|---|---|---|---|
| 999 |
_c19095 _d19095 |
||
| 003 | AR-CdUCM | ||
| 008 | 190516b ||||| |||| 00| 0 spa d | ||
| 040 |
_aMUNICIPALIDAD PROVINCIAL DEL CUSCO _cBIBLIOTECA MUNICIPAL DEL CUSCO |
||
| 082 |
_a346.5 / _bF38 |
||
| 100 |
_aFerrero Costa, Raúl _940220 |
||
| 245 | _aCurso de derecho de las obligaciones / | ||
| 260 |
_aLima : _bCultural Cuzco, _c1987. |
||
| 300 |
_a309 paginas ; _c20 cm. |
||
| 505 | _aContenido :Concepto del derecho de las obligaciones --Elementos esenciales de la obligación --Obligaciones de dar --Obligaciones de hacer y obligaciones de no hacer ... | ||
| 650 |
_aDerecho civil _97386 |
||
| 650 |
_aObligaciones y contratos _934534 |
||
| 650 |
_aLegislación _92962 |
||
| 650 |
_aPerú _935 |
||
| 942 |
_2ddc _cLIBROS |
||
| 945 |
_arjall _d2019-05-16 |
||